1044 1210 1628 1747 1835 1562 1066 1824 1175 1344 1382 1123 1952 1533 1226 1750 1200 1598 1997 1023 1471 1441 1974 1357 1291 1839 1513 1703 1432 1828 1180 1929 1536 1209 1871 1364 1818 1879 1069 1942 1938 1033 1743 1915 1973 1832 1319 1534 1286 1388 1977 1499 1557 1585 1614 1988 1307 1002 1758 1223 1659 1884 1816 1833 1161 1259 1973 1932 1136 1156 1043 1302 1165 1400 1221 1654 1679 1859 1956 1597 1913 1255 1615 1414 1704 1502 1715 1098 1108 1802 1122 1210 1993 1296 1760 1064 1750 1557 1506 BCNSPRNW ULIB Ver.6.0+V

เปลี่ยนเป็นภาษาไทย

Change to English
 แสดงรายละเอียดบรรณานุกรม
  กลับหน้าหลัก

Brief Record : Get Marc (ISO 2709) : E-mail record : QR code < ปิดหน้าต่าง
LEADER : 00000nam 2200000uu 4500
001    13399122102
003     ULIB
008    121226s2552||||th 000 0 tha d
020    ^a9786167098029
060 04 ^aWI400^bพ725ก 2552
100 0  ^aพิมลวัลย์ ดีงามสุข
245 10 ^a"กระเพาะอาหาร"อวัยวะที่ไม่ได้มีไว้แค่ย่อยอาหาร/^cพิมพ์ใจ กันต์ดินทร์ทร
260    ^aนนทบุรี :^bฟีลกู๊ด,^c2552
300    ^a208 หน้า :^bภาพประกอบ
650  7 ^aกระเพาะอาหาร
650  7 ^aย่อยอาหาร
945    ^p155^l0^i17808
995    ^aทศพร
999    ^aทศพร เกษรทอง
รายการนี้ยังไม่มีแท็ก
คุณยังไม่ได้ล็อกอิน คุณสามารถมีกิจกรรมร่วมกับเว็บไซต์ได้ แต่ต้องล็อกอินก่อน ::
  ล็อกอิน

รายการสื่อสารสนเทศ

ลำดับที่ ประเภท เลขเรียก/บาร์โค้ด สถานที่ สถานะ
- ไม่พบข้อมูล -

รายการใกล้เคียง
    ผู้แต่ง [พิมลวัลย์ ดีงามสุข]

    หัวเรื่อง [กระเพาะอาหาร]
    หัวเรื่อง [ย่อยอาหาร]

BibComment


ยังไม่เคยถูกคอมเมนท์

คอมเมนท์ทรัพยากรรายการนี้
  คอมเมนท์: กระเพาะอาหารอวัย..


 Copyright 2026. Bcnsprnw @Library